Statistics for Best Album from Each Year

Click here to take the quiz!

General Stats

  • This quiz has been taken 18 times
  • The average score is 30 of 60

Answer Stats

YearAlbum% Correct
1973 / Pink FloydThe Dark Side of the Moon
94%
1966 / The Beach BoysPet Sounds
82%
1968 / The BeatlesThe Beatles
82%
1972 / David BowieThe Rise and Fall of Ziggy Stardust and the Spiders from Mars
82%
1971 / Led ZeppelinLed Zeppelin IV
76%
1997 / RadioheadOK Computer
76%
1970 / Black SabbathParanoid
76%
1975 / Pink FloydWish You Were Here
71%
1993 / Wu-Tang ClanEnter the Wu-Tang (36 Chambers)
65%
2000 / RadioheadKid A
65%
1984 / MetallicaRide the Lightning
65%
1995 / RadioheadThe Bends
65%
2016 / David Bowie
59%
1977 / Pink FloydAnimals
59%
1989 / PixiesDoolittle
59%
1994 / NasIllmatic
59%
1969 / King CrimsonIn the Court of the Crimson King
59%
2015 / Kendrick LamarTo Pimp a Butterfly
59%
1965 / John ColtraneA Love Supreme
53%
1988 / Sonic YouthDaydream Nation
53%
2006 / J DillaDonuts
53%
2017 / Tyler, the CreatorFlower Boy
53%
2012 / Kendrick Lamargood kid, m.A.A.d city
53%
2019 / Tyler, the CreatorIgor
53%
2005 / Sufjan StevensIllinois
53%
1998 / Neutral Milk HotelIn the Aeroplane Over the Sea
53%
2018 / Kids See GhostsKids See Ghosts
53%
1991 / My Bloody ValentineLoveless
53%
2004 / MadvillainMadvillainy
53%
2010 / Kanye WestMy Beautiful Dark Twisted Fantasy
53%
1982 / The CurePornography
53%
1974 / King CrimsonRed
53%
1980 / Talking HeadsRemain in Light
53%
1986 / The SmithsThe Queen is Dead
53%
1967 / The Velvet UndergroundThe Velvet Underground & Nico
53%
1979 / Joy DivisionUnknown Pleasures
53%
2013 / Kanye WestYeezus
53%
2001 / RadioheadAmnesiac
47%
1996 / DJ ShadowEndtroducing.....
47%
2003 / RadioheadHail to the Thief
47%
2007 / RadioheadIn Rainbows
47%
1985 / Tom WaitsRain Dogs
47%
1992 / Aphex TwinSelected Ambient Works 85-92
47%
1976 / David BowieStation to Station
47%
1990 / MegadethRust in Peace
41%
1987 / Sonic YouthSister
41%
1981 / King CrimsonDiscipline
35%
2009 / Animal CollectiveMerriweather Post Pavilion
35%
2014 / SwansTo Be Kind
35%
2002 / InterpolTurn On the Bright Lights
35%
2011 / Danny BrownXXX
35%
1999 / Sigur RósÁgætis Byrjun
29%
1983 / Tom WaitsSwordfishtrombones
29%
1963 / Charles MingusThe Black Saint and the Sinner Lady
29%
2008 / PortisheadThird
29%
1978 / KraftwerkThe Man-Machine
24%
1960 / John ColtraneGiant Steps
18%
1961 / John ColtraneMy Favorite Things
12%
1964 / Eric DolphyOut to Lunch
12%
1962 / Berliner Philharmoniker / Herbert von KarajanSymphony No. 5
0%

Score Distribution

Percentile by Number Answered

Percent of People with Each Score

Your Score History

You have not taken this quiz